Normal view
MARC view
- Roman, Emerlinda
Entry Personal Name
001 - CONTROL NUMBER
- control field: 42375
003 - CONTROL NUMBER IDENTIFIER
- control field: OSt
005 - DATE AND TIME OF LATEST TRANSACTION
- control field: 20201015145048.0
008 - FIXED-LENGTH DATA ELEMENTS
- fixed length control field: 201015|| aca||aabn | a|a d
040 ## - CATALOGING SOURCE
- Original cataloging agency: OSt
- Transcribing agency: OSt
100 ## - HEADING--PERSONAL NAME
- Personal name: Roman, Emerlinda
670 ## - SOURCE DATA FOUND
- Source citation: Work cat.: (OSt): The Post-EDSA constitutional commissions (1986-1992): , ©1999.
